División de un segmento en la razón dada /

Guardado en:
Autor Principal: Beskin, N. M.
Formato: Libro
Idioma:Spanish
Russian
Publicado: Moscú : Mir, 1980, c1976.
Edición:2.ª ed.
Series:Lecciones populares de matemáticas.
Etiquetas: Agregar Etiqueta
Sin Etiquetas, Sea el primero en etiquetar este registro!
LEADER 00684nam a22001935a 4500
001 MAT.inmabb006623
008 120812t19801976ru#a##########000#0#spa#d
005 20170515151455.0
245 1 0 |a División de un segmento en la razón dada /  |c N. M. Beskin ; [traducido del ruso por K. P. Medkov]. 
250 |a 2.ª ed. 
260 |a Moscú :  |b Mir,  |c 1980, c1976. 
300 |a 80 p. :  |b il. ;  |c 21 cm. 
490 1 |a Lecciones populares de matemáticas 
100 1 |a Beskin, N. M.  |q (Nikolai Mikhailovich) 
830 0 |a Lecciones populares de matemáticas. 
084 |a 51-01  |2 msc2000 
041 1 |a spa  |h rus 
859 |h 51  |i B554  |p A-5868  |b BIB. MATEMATICA 
859 |h 51  |i B554  |p A-5869  |t Ej. 2  |b BIB. MATEMATICA